| 000 | 00607nam a2200205Ia 4500 | ||
|---|---|---|---|
| 003 | OSt | ||
| 005 | 20230411111738.0 | ||
| 008 | 210423s2011 xx 000 0 und d | ||
| 020 | _a9788183572415 | ||
| 040 | _cAL | ||
| 041 | _aeng | ||
| 082 |
_a370.02 CHOJ _223 |
||
| 100 |
_aCHOPRA (J K);MANSUKHANI (G S). _985983 |
||
| 245 | _aUGC teaching and research aptitude NET/SLET compulsory paper 1. | ||
| 260 |
_aNew Delhi _bUnique Publishers _c2011 |
||
| 300 |
_axv,504 _bPB |
||
| 365 |
_b320 _cINR |
||
| 906 | _a1. ; aptitude ; compulsory ; NET/SLET ; paper ; research ; teaching ; UGC | ||
| 942 |
_2ddc _cBK |
||
| 999 |
_c159074 _d159074 |
||